| 000 | 00761nam a22002177a 4500 | ||
|---|---|---|---|
| 999 |
_c19305 _d19305 |
||
| 003 | AR-CdUCM | ||
| 008 | 190517b ||||| |||| 00| 0 spa d | ||
| 040 |
_aMUNICIPALIDAD PROVINCIAL DEL CUSCO _cBIBLIOTECA MUNICIPAL DEL CUSCO |
||
| 082 |
_a377.2 / _bT82 |
||
| 100 |
_aClark Trow, William _940569 |
||
| 245 |
_aEducación y tecnología : _bUn diseño para una experiencia / |
||
| 260 |
_aBuenos Aires : _bEl ateneo, _c1967. |
||
| 300 |
_a202 páginas ; _c21 cm. |
||
| 505 | _aContenido : La empresa educativa -- El alumno y su ámbito -- Control del ámbito ... | ||
| 650 |
_aEducación _9460 |
||
| 650 |
_aTecnología _91571 |
||
| 650 |
_aAumnos _940570 |
||
| 700 |
_aBó, Adriana (Traducción) _940571 |
||
| 942 |
_2ddc _cLIBROS |
||
| 945 |
_arah _d2019-05-17 |
||